Представление документа в формате RUSMARC

ПолеНазваниеЗначение
  Тип записи a
  Библиографический уровень m
001 Контрольный номер RU/УОНБ/EK/648320910
005 Дата корректировки 20260513110455.9
100 Данные общей обработки __
a Данные общей обработки 20200717d2019 m y0rusy0189||||ca
101 Язык документа 0_
a Язык текста rus
102 Страна публикации __
a Страна публикации RU
105 Кодированные данные (монография) __
a Кодированные данные (монография) a z 000ay
200 Заглавие и сведения об ответственности 1_
a Заглавие Остаться и жить...
f Первые сведения об ответственности А. Г. Твердохлебов
203 Вид содержания и тип средства __
a Вид содержания Текст
b Характеристика содержания визуальный
c Тип средства непосредственный
210 Выходные данные 1_
a Место издания Кузоватово
c Издательство ИП Кошмин А. С.
d Дата издания 2019 -
215 Физическое описание __
d Формат 21 см
700 Автор _1
a Фамилия Твердохлебов
b Имя (инициалы) А. Г.
g Полное личное имя Александр Григорьевич
801 Источник записи _0
a Страна RU
b Организация Ульяновская ОНБ
c Дата составления 20200717
g Правила каталогизации RCR
801 Источник записи _1
a Страна RU
b Организация Ульяновская ОНБ
c Дата составления 20200717
g Правила каталогизации RCR
901 Тип документа __
t Тип документа v
909 Создатель записи __
a Создатель записи Балакирева
938 Служебная информация __
a Имя БД books
b Имя библиотеки УОНБ
c Имя АИБС МАРК-SQL
d Номер DOC_ID в БД 350359